The complete history of eroticism

Gespeichert in:
Bibliographische Detailangaben
1. Verfasser: Brusendorff, Ove
Weitere Verfasser: Henningsen, Poul
Format: Buch
Sprache:Englisch
Veröffentlicht: Castle Books 1983
Tags: Tag hinzufügen
Keine Tags, Fügen Sie das erste Tag hinzu!

MARC

LEADER 00000nam a2200000 4500
005 20240918185127.0
008 240731b |||||||| |||| 00| 0 eng d
020 |a 978-0890096178 
040 |c GP 
100 |a Brusendorff, Ove 
245 |a The complete history of eroticism 
260 |b Castle Books  |c 1983 
700 |a Henningsen, Poul 
942 |2 ddc  |c BK  |n 0 
952 |0 0  |1 0  |2 ddc  |4 0  |6 176_000000000000000_BRU  |7 1  |9 1740  |a RM  |b RM  |d 2024-07-31  |l 0  |o 176 BRU  |p 526  |r 2024-07-31 18:39:48  |w 2024-07-31  |y BK 
999 |c 1556  |d 1556